Dans le plumier - Statistiques

Statistiques générales
  • Ce quiz a été pris 13 fois
  • Le résultat moyen est 8 sur 17
Statistiques - réponses
Hint Réponse % Correct
1 crayon
100%
2 gomme
100%
3 stylo
83%
7 taille-crayon
75%
9 colle
58%
4 bic
50%
5 effaceur
50%
13 compas
42%
15 fluo
42%
17 ciseaux
33%
11 latte
33%
10 marqueur
33%
14 rapporteur
25%
12 équerre
17%
6 tipp-ex
17%
16 encre
8%
8 papier collant
8%
Aucun quiz correspondant
Distribution des résultats
% des personnes avec chaque résultat
Percentile par nombre de réponses
Votre historique - résultats
Vous n’avez pas pris ce quiz